| 000 | 01102cab a2200229 4500 | ||
|---|---|---|---|
| 001 | ABS68491 | ||
| 008 | 041123n2004 000 0 eng u | ||
| 035 | _a(Sirsi) u128081 | ||
| 100 | _aKnowles, L. | ||
| 245 | _aLooking back at landfill | ||
| 260 | _c2004 | ||
| 490 |
_aWastes Management _vNovember 2004, 46-47(2) |
||
| 520 | _aLooks at the effect of the ban on co-disposal since the implementation of the landfill directive (Directive 99/31/EC). The increased cost of disposing of hazardous waste may lead to businesses using rogue operators. The Environment Agency lacks any real power to enforce the legislation and there is a lack of legislative clarity which leaves the law open to abuse. Concludes that businesses must understand more about hazardous waste and how they can minimise the amount they produce and how to treat it. | ||
| 590 | _aABS | ||
| 650 | _aDIRECTIVE 99/31/EC | ||
| 650 | _aLANDFILL SITES | ||
| 650 | _aHAZARDOUS WASTE | ||
| 650 | _aWASTE MINIMISATION | ||
| 650 | _aWASTE DISPOSAL | ||
| 690 | _aENVIRONMENTAL AND LAND CONSULTANCY-WASTE MANAGEMENT | ||
| 942 | _n0 | ||
| 999 |
_c74617 _d74617 |
||